Effective Human Resource Management (Record no. 93773)

MARC details
000 -LEADER
fixed length control field 00585nam a2200217Ia 4500
005 - DATE AND TIME OF LATEST TRANSACTION
control field 20230503091254.0
008 - FIXED-LENGTH DATA ELEMENTS--GENERAL INFORMATION
fixed length control field 230125s9999 xx 000 0 und d
020 ## - INTERNATIONAL STANDARD BOOK NUMBER
International Standard Book Number 81-7881-437-4
041 ## - LANGUAGE CODE
Language code of text/sound track or separate title eng
082 ## - DEWEY DECIMAL CLASSIFICATION NUMBER
Classification number 658.312 44
Item number RAJ
100 ## - MAIN ENTRY--PERSONAL NAME
Author Raju P V L
245 ## - TITLE STATEMENT
Title Effective Human Resource Management
250 ## - EDITION STATEMENT
Edition statement 1st Ed.
260 ## - PUBLICATION, DISTRIBUTION, ETC.
Date of publication, distribution, etc. 2005
Name of publisher, distributor, etc. ICFAI publication
Place of publication, distribution, etc. Hyderabad
300 ## - PHYSICAL DESCRIPTION
Extent 151p
500 ## - GENERAL NOTE
Keywords HRM;ICFAI Series Book<br/>
650 ## - SUBJECT ADDED ENTRY--TOPICAL TERM
Topical term or geographic name entry element HRM;ICFAI Series Book
700 ## - ADDED ENTRY--PERSONAL NAME
Personal name Raju P V L & Abhyankar M W, Donor
942 ## - ADDED ENTRY ELEMENTS (KOHA)
Koha item type Donated Book
906 ## - LOCAL DATA ELEMENT F, LDF (RLIN)
b 150
Holdings
Withdrawn status Lost status Damaged status Not for loan Home library Current library Date acquired Vendor Net Price Full call number Barcode Date last seen Actual Price Bill Date Koha item type Original Barcode
        Smt. Hiraben Nanavati Institute of Management & Research for Women Smt. Hiraben Nanavati Institute of Management & Research for Women 01/12/2015 Donated Book- Outside Donar 300.00 658.312 44 RAJ DB2235 HIMR-DB-2235 25/01/2023 150.00 25/01/2023 Donated Book DB2235